Prejudice, discrimination and intergroup conflict /
El siguiente texto se constituye un análisis del artículo del señor T. Pettigrew: "Intergroup prejudice: Its causes a cures". Hay dos aspectos que el autor destaca: 1) el análisis proviene del deseo de imaginar una sociedad decente y democrática y 2) los argumentos y los datos estan acompa...
Guardado en:
| Hovedforfatter: | |
|---|---|
| Format: | Texto |
| Fag: | |
| Tags: |
Tilføj Tag
Ingen Tags, Vær først til at tagge denne postø!
|
MARC
| LEADER | 00000 a a2200000 04500 | ||
|---|---|---|---|
| 001 | 42312 | ||
| 003 | |||
| 040 | |||
| 100 | |a Jiménez-Matarrita, Alexander | ||
| 245 | |a Prejudice, discrimination and intergroup conflict / |c Alexander Jiménez-Matarrita | ||
| 500 | |a jimenezm@le.ucr.ac.cr | ||
| 520 | |a El siguiente texto se constituye un análisis del artículo del señor T. Pettigrew: "Intergroup prejudice: Its causes a cures". Hay dos aspectos que el autor destaca: 1) el análisis proviene del deseo de imaginar una sociedad decente y democrática y 2) los argumentos y los datos estan acompañados por experiencias personales ayudando a un mejor entendimiento. | ||
| 590 | |a RRH/MAYO2013 | ||
| 650 | |a 1.DISCRIMINACION | ||
| 650 | |a 2.PREJUICIO | ||
| 650 | |a 3.TEORIA SOCIAL | ||
| 650 | |a 4.RELACIONES SOCIALES | ||
| 650 | |a 5.DEMOCRACIA | ||
| 773 | |g volumen22, número109 ( , 2008) | ||
| 999 | |c 37164 |d 37164 | ||
| 773 | 0 | |0 18811 |9 3325 |a Universidad de Costa Rica. Instituto de Investigaciones en Psicología |d San José, C.R.: Editorial de la UCR |o 10848 |t Actualidades en Psicología / | |
